Magyar Nobel-díjasok Hevesy György József

Bibliographic Details
Main Author: (b.gy.-b.zs.) (Author)
Format: Article
Language:Hungarian
PhysicalDescription:Obr. 1
Subjects:

MARC

LEADER 00000nab a2200000 a 4500
001 vtls000598038
003 SK-MaSNL
005 20260319073507.0
008 160202c1996 xo 0 hun
015 |a SNBRB19rr/mm-uuuuu 
035 |a CL0598177 
040 |a SNKBUCL  |b slo  |c SNKBUCL  |e AACR2 
041 0 |a hun 
044 |a xo  |c SK 
080 |a 54-051  |2 1981 
080 |a 929 Hevesy, György József  |2 1981 
100 1 |a (b.gy.-b.zs.)  |4 aut  |9 998927 
245 1 0 |a Magyar Nobel-díjasok  |b Hevesy György József  |c (b.gy.-b.zs.) 
300 |b Obr. 1 
600 1 7 |a Hevesy, György József  |d 1885-1966  |x profily  |2 snkbucl  |9 998928 
655 7 |a články z novín a časopisov  |2 snkbucl  |9 267496 
773 0 |t Katedra  |g Roč. 4, č. 1 (1996), s. 2 
850 |a Slovenská národná knižnica v Martine  |a DSG001 
852 |a SNK  |b KIS3GCP 
958 |a RK 
958 |a BC 
958 |a HU 
992 |a RBX 
999 |c 1614445  |d 1616375